[Event "2.Magistral Ciudad de Zaragoza"]
[Site "Zaragoza ESP"]
[Date "2006.08.26"]
[Round "1.1"]
[White "Llorente Zaro, Alfonso"]
[Black "Rios, Alejandro"]
[Result "1/2-1/2"]
[WhiteElo "2367"]
[BlackElo "2332"]
[PlyCount "35"]
[EventDate "2006.08.26"]
[EventType "tourn"]
[EventRounds "1"]
[EventCountry "ESP"]
[EventCategory "3"]
[Source "lmi"]
[SourceDate "2006.08.26"]

1. d4 Nf6 2. c4 e6 3. Nc3 Bb4 4. Qc2 d5 5. cxd5 exd5 6. Bg5 c6 7. e3 Nbd7 8.
Bd3 Nf8 9. Nf3 Ne6 10. Bh4 g6 11. O-O-O O-O 12. Ne5 Be7 13. f4 Ng7 14. Rhg1 Ng4
15. Bxe7 Qxe7 16. Qe2 Nxe5 17. fxe5 f6 18. exf6 1/2-1/2

[Event "2.Magistral Ciudad de Zaragoza"]
[Site "Zaragoza ESP"]
[Date "2006.08.26"]
[Round "1.2"]
[White "Villuendas Valero, Adrian"]
[Black "Antoli Royo, Joaquin Miguel"]
[Result "1-0"]
[WhiteElo "2170"]
[BlackElo "2356"]
[PlyCount "63"]
[EventDate "2006.08.26"]
[EventType "tourn"]
[EventRounds "1"]
[EventCountry "ESP"]
[EventCategory "3"]
[Source "lmi"]
[SourceDate "2006.08.26"]

1. e4 c5 2. Nf3 Nc6 3. d4 cxd4 4. Nxd4 e5 5. Nb5 d6 6. N1c3 a6 7. Na3 b5 8. Nd5
Nce7 9. c4 Nxd5 10. exd5 bxc4 11. Nxc4 f5 12. f4 Nf6 13. Be2 exf4 14. Bxf4 Be7
15. O-O O-O 16. Qd4 Bb7 17. Bf3 a5 18. Rfe1 Ra6 19. Qe3 Rf7 20. Bg5 Kf8 21. Qd3
Bc8 22. Rac1 Ng8 23. Bd2 Bb7 24. Qb3 Bh4 25. Re2 Bf6 26. Qb5 Bd4+ 27. Kh1 g5
28. Bh5 Re7 29. Bxg5 Nf6 30. Rce1 Ra8 31. Rxe7 Nxh5 32. Rf7+ 1-0

[Event "2.Magistral Ciudad de Zaragoza"]
[Site "Zaragoza ESP"]
[Date "2006.08.26"]
[Round "1.3"]
[White "Marin, Sebastian"]
[Black "Ramiro Ovejero, Juan Luis"]
[Result "1-0"]
[WhiteElo "2212"]
[BlackElo "2323"]
[PlyCount "87"]
[EventDate "2006.08.26"]
[EventType "tourn"]
[EventRounds "1"]
[EventCountry "ESP"]
[EventCategory "3"]
[Source "lmi"]
[SourceDate "2006.08.26"]

1. e4 d6 2. d4 Nf6 3. Nc3 Nbd7 4. Be3 e5 5. g3 c6 6. a4 Qa5 7. Bg2 d5 8. exd5
Nxd5 9. Bxd5 cxd5 10. dxe5 Bb4 11. Bd4 O-O 12. Qh5 Re8 13. f4 Nf6 14. Qf3 Bf5
15. Qd1 Ne4 16. Nge2 Bh3 17. Qd3 a6 18. Qf3 f5 19. exf6 Nxf6 20. Bxf6 gxf6 21.
O-O-O Be6 22. f5 Bf7 23. Qg4+ Kh8 24. Qh4 Qb6 25. Rd3 Rac8 26. Rhd1 Rc4 27. g4
Rg8 28. h3 Rgc8 29. Qh6 Bf8 30. Qd2 Qc5 31. Kb1 b5 32. b3 bxa4 33. Nxa4 Rxa4
34. bxa4 Bh6 35. Qc3 Qb6+ 36. Qb2 Qc6 37. Rc3 Qd7 38. Rxc8+ Qxc8 39. Qxf6+ Bg7
40. Qxf7 Qb8+ 41. Kc1 Qb2+ 42. Kd2 Qb4+ 43. c3 Qe4 44. g5 1-0

[Event "2.Magistral Ciudad de Zaragoza"]
[Site "Zaragoza ESP"]
[Date "2006.08.26"]
[Round "1.4"]
[White "Adla, Diego Gustavo"]
[Black "Lopez Gracia, Fernando"]
[Result "1/2-1/2"]
[WhiteElo "2470"]
[BlackElo "2339"]
[PlyCount "30"]
[EventDate "2006.08.26"]
[EventType "tourn"]
[EventRounds "1"]
[EventCountry "ESP"]
[EventCategory "3"]
[Source "lmi"]
[SourceDate "2006.08.26"]

1. Nf3 Nf6 2. d4 g6 3. g3 Bg7 4. Bg2 O-O 5. O-O d6 6. Nc3 d5 7. Ne5 c6 8. e4
dxe4 9. Nxe4 Nxe4 10. Bxe4 Bh3 11. Re1 Nd7 12. Nxd7 Qxd7 13. c3 e5 14. dxe5
Qxd1 15. Rxd1 Bxe5 1/2-1/2

[Event "2.Magistral Ciudad de Zaragoza"]
[Site "Zaragoza ESP"]
[Date "2006.08.26"]
[Round "1.5"]
[White "Gomez Anadon, Daniel"]
[Black "Vilela, Jose Luis"]
[Result "1/2-1/2"]
[WhiteElo "2254"]
[BlackElo "2355"]
[PlyCount "51"]
[EventDate "2006.08.26"]
[EventType "tourn"]
[EventRounds "1"]
[EventCountry "ESP"]
[EventCategory "3"]
[Source "lmi"]
[SourceDate "2006.08.26"]

1. c4 c6 2. d4 d5 3. cxd5 cxd5 4. Nc3 Nf6 5. Bf4 Nc6 6. e3 a6 7. Bd3 Bg4 8. f3
Bh5 9. Nge2 Bg6 10. O-O e6 11. Rc1 Be7 12. Bxg6 hxg6 13. Qb3 Na5 14. Qc2 O-O
15. Na4 Bd6 16. Bxd6 Qxd6 17. Qc7 Qxc7 18. Rxc7 Ne8 19. Rc3 Nd6 20. Nb6 Rad8
21. b3 Nb5 22. Rc2 Rd6 23. Nc8 Rdd8 24. Nb6 Rd6 25. Nc8 Rdd8 26. Nb6 1/2-1/2

[Event "2.Magistral Ciudad de Zaragoza"]
[Site "Zaragoza ESP"]
[Date "2006.08.27"]
[Round "2.1"]
[White "Rios, Alejandro"]
[Black "Vilela, Jose Luis"]
[Result "1/2-1/2"]
[WhiteElo "2332"]
[BlackElo "2355"]
[PlyCount "29"]
[EventDate "2006.08.26"]
[EventType "tourn"]
[EventRounds "1"]
[EventCountry "ESP"]
[EventCategory "3"]
[Source "lmi"]
[SourceDate "2006.08.26"]

1. e4 c6 2. d4 d5 3. e5 Bf5 4. f4 e6 5. Nf3 Be7 6. Bd3 Bxd3 7. Qxd3 Qa5+ 8.
Nbd2 Qa6 9. Qb3 Nd7 10. Nf1 g6 11. Ne3 h5 12. Bd2 Nh6 13. O-O-O Qb5 14. Kb1
Qxb3 15. axb3 1/2-1/2

[Event "2.Magistral Ciudad de Zaragoza"]
[Site "Zaragoza ESP"]
[Date "2006.08.27"]
[Round "2.2"]
[White "Lopez Gracia, Fernando"]
[Black "Gomez Anadon, Daniel"]
[Result "1/2-1/2"]
[WhiteElo "2339"]
[BlackElo "2254"]
[PlyCount "23"]
[EventDate "2006.08.26"]
[EventType "tourn"]
[EventRounds "1"]
[EventCountry "ESP"]
[EventCategory "3"]
[Source "lmi"]
[SourceDate "2006.08.26"]

1. e4 c5 2. Nf3 d6 3. d4 cxd4 4. Nxd4 Nf6 5. Nc3 a6 6. Be3 e5 7. Nb3 Be7 8. f3
Be6 9. Qd2 O-O 10. O-O-O Qc7 11. g4 Rc8 12. g5 1/2-1/2

[Event "2.Magistral Ciudad de Zaragoza"]
[Site "Zaragoza ESP"]
[Date "2006.08.27"]
[Round "2.3"]
[White "Ramiro Ovejero, Juan Luis"]
[Black "Adla, Diego Gustavo"]
[Result "0-1"]
[WhiteElo "2323"]
[BlackElo "2474"]
[PlyCount "128"]
[EventDate "2006.08.26"]
[EventType "tourn"]
[EventRounds "1"]
[EventCountry "ESP"]
[EventCategory "3"]
[Source "lmi"]
[SourceDate "2006.08.26"]

1. e4 c6 2. d4 d5 3. Nd2 dxe4 4. Nxe4 Bf5 5. Nc5 b6 6. Nb3 Nd7 7. Nf3 e6 8. g3
a5 9. a3 Bd6 10. Bg2 Ne7 11. O-O h6 12. c4 O-O 13. Be3 a4 14. Nc1 Qc8 15. Ne2
Qa6 16. Rc1 Rfd8 17. Nc3 Qxc4 18. Ne4 Qxc1 19. Qxc1 Bxe4 20. Bf4 Nf6 21. Re1
Bd5 22. h4 Nf5 23. Bxd6 Rxd6 24. Qf4 Rad8 25. Ne5 Bxg2 26. Kxg2 b5 27. Nf3 h5
28. Re2 Nxd4 29. Nxd4 Rxd4 30. Qc7 R4d6 31. Rc2 Ng4 32. Qb6 g6 33. Qc5 Rd2 34.
Rxd2 Rxd2 35. Qxc6 Rxf2+ 36. Kg1 Rxb2 37. Qc8+ Kh7 38. Qc7 Nh6 39. Kf1 Rb3 40.
Qd6 Ng4 41. Ke2 Kg7 42. Kd2 e5 43. Qc5 Rxg3 44. Qxb5 Rxa3 45. Qb4 Ra2+ 46. Kd3
a3 47. Ke4 Re2+ 48. Kd5 a2 49. Qa5 Ne3+ 50. Kc6 Rc2+ 51. Kd7 Ng4 52. Ke7 Rd2
53. Qa8 Nh6 54. Qf8+ Kh7 55. Qa8 Rc2 56. Kf6 Rf2+ 57. Ke7 Ng8+ 58. Kf8 Nh6 59.
Qa5 Rb2 60. Qxe5 Rb8+ 61. Ke7 Ra8 62. Qa1 Kg8 63. Kf6 Ng4+ 64. Ke7 Ne3 0-1

[Event "2.Magistral Ciudad de Zaragoza"]
[Site "Zaragoza ESP"]
[Date "2006.08.27"]
[Round "2.4"]
[White "Antoli Royo, Joaquin Miguel"]
[Black "Marin, Sebastian"]
[Result "1/2-1/2"]
[WhiteElo "2356"]
[BlackElo "2212"]
[PlyCount "55"]
[EventDate "2006.08.26"]
[EventType "tourn"]
[EventRounds "1"]
[EventCountry "ESP"]
[EventCategory "3"]
[Source "lmi"]
[SourceDate "2006.08.26"]

1. e4 c5 2. Nf3 d6 3. d4 cxd4 4. Nxd4 Nf6 5. Nc3 g6 6. Be3 Bg7 7. f3 O-O 8. Qd2
Nc6 9. Bc4 Bd7 10. O-O-O Rc8 11. Bb3 Ne5 12. Kb1 Nc4 13. Bxc4 Rxc4 14. g4 Qc7
15. g5 Nh5 16. Nd5 Qd8 17. Ne2 Be6 18. c3 Bxd5 19. Qxd5 Qc7 20. Bxa7 b5 21.
Qxb5 Ra8 22. Bd4 Rb8 23. Qa6 Bxd4 24. cxd4 Rb6 25. Qa8+ Rb8 26. Qa6 Rb6 27.
Qa8+ Rb8 28. Qa6 1/2-1/2

[Event "2.Magistral Ciudad de Zaragoza"]
[Site "Zaragoza ESP"]
[Date "2006.08.27"]
[Round "2.5"]
[White "Llorente Zaro, Alfonso"]
[Black "Villuendas Valero, Adrian"]
[Result "1-0"]
[WhiteElo "2367"]
[BlackElo "2170"]
[PlyCount "77"]
[EventDate "2006.08.26"]
[EventType "tourn"]
[EventRounds "1"]
[EventCountry "ESP"]
[EventCategory "3"]
[Source "lmi"]
[SourceDate "2006.08.26"]

1. d4 Nf6 2. c4 e6 3. Nf3 Bb4+ 4. Bd2 Qe7 5. g3 Nc6 6. Bg2 Bxd2+ 7. Nbxd2 d6 8.
O-O O-O 9. e4 e5 10. d5 Nb8 11. b4 a5 12. a3 Na6 13. Qb3 Bd7 14. Rfc1 c6 15.
dxc6 bxc6 16. Qc3 axb4 17. axb4 c5 18. b5 Nb4 19. Rcb1 Be6 20. Ne1 Nd7 21. Nf1
Nb6 22. Ne3 Rxa1 23. Rxa1 Ra8 24. Rxa8+ Nxa8 25. Qd2 Nb6 26. Bf1 g6 27. Be2 Kg7
28. N1g2 Bc8 29. h4 Bb7 30. f3 Qe6 31. h5 Kf8 32. hxg6 hxg6 33. Ng4 Ke8 34. Qh6
Nd7 35. Qh8+ Ke7 36. N2e3 Nf8 37. Bf1 Bc8 38. Bh3 f5 39. Nh6 1-0

[Event "2.Magistral Ciudad de Zaragoza"]
[Site "Zaragoza ESP"]
[Date "2006.08.28"]
[Round "3.1"]
[White "Villuendas Valero, Adrian"]
[Black "Rios, Alejandro"]
[Result "0-1"]
[WhiteElo "2170"]
[BlackElo "2332"]
[PlyCount "60"]
[EventDate "2006.08.26"]
[EventType "tourn"]
[EventRounds "1"]
[EventCountry "ESP"]
[EventCategory "3"]
[Source "lmi"]
[SourceDate "2006.08.26"]

1. e4 e5 2. Nf3 Nc6 3. Bb5 a6 4. Bxc6 dxc6 5. O-O f6 6. d4 exd4 7. Nxd4 c5 8.
Nb3 Qxd1 9. Rxd1 Bg4 10. f3 Be6 11. Nc3 Bd6 12. Be3 b6 13. a4 a5 14. Nb5 O-O-O
15. Rd2 Be7 16. Rad1 Rxd2 17. Rxd2 g5 18. h4 Nh6 19. e5 Nf7 20. exf6 Bxf6 21.
hxg5 Bxb2 22. Bf4 Bxb3 23. cxb3 Bc1 24. Kf2 Bxd2 25. Bxd2 Rd8 26. Ke2 Nd6 27.
Nxd6+ cxd6 28. f4 d5 29. Bc3 Kd7 30. Be5 Rc8 0-1

[Event "2.Magistral Ciudad de Zaragoza"]
[Site "Zaragoza ESP"]
[Date "2006.08.28"]
[Round "3.3"]
[White "Adla, Diego Gustavo"]
[Black "Antoli Royo, Joaquin Miguel"]
[Result "1/2-1/2"]
[WhiteElo "2474"]
[BlackElo "2356"]
[PlyCount "48"]
[EventDate "2006.08.26"]
[EventType "tourn"]
[EventRounds "1"]
[EventCountry "ESP"]
[EventCategory "3"]
[Source "lmi"]
[SourceDate "2006.08.26"]

1. c4 e5 2. g3 d6 3. Bg2 f5 4. Nc3 Nf6 5. b4 c6 6. b5 d5 7. bxc6 bxc6 8. cxd5
cxd5 9. d4 exd4 10. Qxd4 Nc6 11. Qa4 Bd7 12. Nh3 Ne4 13. Nxe4 dxe4 14. O-O Qa5
15. Qxa5 Nxa5 16. Bb2 Rg8 17. Rfd1 Rb8 18. Bc3 Bb4 19. Rac1 Nc6 20. Nf4 Ba3 21.
Rc2 Ne7 22. Be5 Rb7 23. Rc7 Rxc7 24. Bxc7 Bb5 1/2-1/2

[Event "2.Magistral Ciudad de Zaragoza"]
[Site "Zaragoza ESP"]
[Date "2006.08.28"]
[Round "3.4"]
[White "Gomez Anadon, Daniel"]
[Black "Ramiro Ovejero, Juan Luis"]
[Result "1/2-1/2"]
[WhiteElo "2254"]
[BlackElo "2323"]
[PlyCount "105"]
[EventDate "2006.08.26"]
[EventType "tourn"]
[EventRounds "1"]
[EventCountry "ESP"]
[EventCategory "3"]
[Source "lmi"]
[SourceDate "2006.08.26"]

1. c4 e5 2. g3 Nf6 3. Bg2 Bc5 4. Nc3 Nc6 5. e3 d5 6. cxd5 Nb4 7. d3 Nbxd5 8. a3
Nxc3 9. bxc3 O-O 10. Ne2 e4 11. d4 Bd6 12. Qc2 Re8 13. c4 c6 14. O-O Bf5 15.
Rb1 Qd7 16. Nc3 Rad8 17. a4 h5 18. h4 Re7 19. a5 a6 20. Rb3 Qe6 21. Na4 Bh3 22.
Ba3 Bxa3 23. Rxa3 Bxg2 24. Kxg2 Qf5 25. Nc5 Rd6 26. Qe2 g5 27. hxg5 Qxg5 28. f4
exf3+ 29. Qxf3 Ng4 30. Ne4 Rxe4 31. Qxe4 Re6 32. Qf4 Nxe3+ 33. Kh1 Qe7 34. Rf3
Nxc4 35. Ra1 Re4 36. Qh6 Ne3 37. Qxh5 Ng4 38. Raf1 f6 39. Qg6+ Qg7 40. Qxg7+
Kxg7 41. Rf4 Rxf4 42. gxf4 Ne3 43. Rb1 Nc4 44. Rxb7+ Kg6 45. Ra7 Nxa5 46. Rxa6
Nb3 47. Ra4 Kf5 48. Rb4 Nd2 49. Rb6 Nf3 50. Rxc6 Nxd4 51. Rc4 Ne6 52. Rc6 Nxf4
53. Rxf6+ 1/2-1/2

[Event "2.Magistral Ciudad de Zaragoza"]
[Site "Zaragoza ESP"]
[Date "2006.08.28"]
[Round "3.5"]
[White "Vilela, Jose Luis"]
[Black "Lopez Gracia, Fernando"]
[Result "1-0"]
[WhiteElo "2355"]
[BlackElo "2339"]
[PlyCount "77"]
[EventDate "2006.08.26"]
[EventType "tourn"]
[EventRounds "1"]
[EventCountry "ESP"]
[EventCategory "3"]
[Source "lmi"]
[SourceDate "2006.08.26"]

1. d4 Nf6 2. Nf3 g6 3. Bg5 Bg7 4. Nbd2 c5 5. Bxf6 Bxf6 6. Ne4 Bxd4 7. Nxd4 cxd4
8. Qxd4 O-O 9. c4 Nc6 10. Qd2 d6 11. e3 Be6 12. Ng5 Bd7 13. Be2 Rc8 14. O-O Qa5
15. Qxa5 Nxa5 16. Rfc1 Kg7 17. Kf1 Rfd8 18. b3 Nc6 19. Ne4 f5 20. Nc3 e5 21.
Rd1 Be6 22. Rd2 Rd7 23. Rad1 Rcd8 24. f4 Kf6 25. Kf2 b6 26. Bf3 e4 27. Be2 Ne7
28. g4 d5 29. g5+ Kf7 30. cxd5 Nxd5 31. Nxd5 Bxd5 32. Rxd5 Rxd5 33. Bc4 Ke6 34.
b4 a5 35. a3 b5 36. Ba2 a4 37. Rd4 R8d6 38. Ke2 Rd8 39. Kd2 1-0

[Event "2.Magistral Ciudad de Zaragoza"]
[Site "Zaragoza ESP"]
[Date "2006.08.29"]
[Round "4.1"]
[White "Rios, Alejandro"]
[Black "Lopez Gracia, Fernando"]
[Result "0-1"]
[WhiteElo "2332"]
[BlackElo "2339"]
[PlyCount "96"]
[EventDate "2006.08.26"]
[EventType "tourn"]
[EventRounds "1"]
[EventCountry "ESP"]
[EventCategory "3"]
[Source "lmi"]
[SourceDate "2006.08.26"]

1. e4 e5 2. Nf3 Nc6 3. d4 exd4 4. Nxd4 Bc5 5. Nb3 Bb6 6. Nc3 Qf6 7. f4 Nge7 8.
Qf3 d6 9. Bd2 a5 10. Bb5 O-O 11. O-O-O Be6 12. Kb1 Bxb3 13. axb3 Nd4 14. Qf1 c6
15. Bd3 Bc5 16. g4 b5 17. g5 Qe6 18. f5 Qd7 19. f6 Ng6 20. fxg7 Rfb8 21. e5 d5
22. Be3 Qa7 23. Bxg6 hxg6 24. Bxd4 Bxd4 25. Qf4 Be3 26. Qf6 a4 27. Rhf1 axb3
28. cxb3 d4 29. e6 Rb7 30. Ne4 Re7 31. exf7+ Rxf7 32. Qe6 Kxg7 33. Qe5+ Kg8 34.
Nf6+ Kf8 35. Kc2 Qe7 36. Nd7+ Qxd7 37. Qh8+ Ke7 38. Rxf7+ Kxf7 39. Rf1+ Ke6 40.
Qxa8 d3+ 41. Kd1 Kd5 42. Qg8+ Kc5 43. Qf8+ Kb6 44. Qb8+ Ka6 45. Qg3 Qe6 46. Qg2
Qxb3+ 47. Ke1 Qb4+ 48. Kd1 Qa4+ 0-1

[Event "2.Magistral Ciudad de Zaragoza"]
[Site "Zaragoza ESP"]
[Date "2006.08.29"]
[Round "4.2"]
[White "Ramiro Ovejero, Juan Luis"]
[Black "Vilela, Jose Luis"]
[Result "1/2-1/2"]
[WhiteElo "2323"]
[BlackElo "2355"]
[PlyCount "115"]
[EventDate "2006.08.26"]
[EventType "tourn"]
[EventRounds "1"]
[EventCountry "ESP"]
[EventCategory "3"]
[Source "lmi"]
[SourceDate "2006.08.26"]

1. e4 c6 2. d4 d5 3. Nd2 dxe4 4. Nxe4 Bf5 5. Nc5 b6 6. Nb3 e6 7. Nf3 Bd6 8. g3
Qc7 9. Bg2 Nf6 10. O-O Nbd7 11. Nbd2 O-O 12. Nc4 Rac8 13. Nxd6 Qxd6 14. Bf4 Qb4
15. Qc1 Rfd8 16. c3 Qf8 17. Nh4 Be4 18. Bxe4 Nxe4 19. Qc2 Nef6 20. Be5 h6 21.
Bxf6 Nxf6 22. Rad1 c5 23. Nf3 cxd4 24. Rxd4 Rxd4 25. Nxd4 Qc5 26. Rd1 b5 27.
Qe2 a6 28. Nb3 Qb6 29. Qd3 Nd5 30. Qd4 Qxd4 31. Rxd4 Kf8 32. Nd2 Ke7 33. c4
bxc4 34. Nxc4 Rc5 35. a3 a5 36. Kf1 Rb5 37. Ke2 Nb6 38. b4 axb4 39. Nxb6 Rxb6
40. axb4 e5 41. Rc4 Kd6 42. Kd3 f5 43. g4 fxg4 44. Rxg4 Kd5 45. Rc4 Rf6 46.
Rc5+ Kd6 47. Rc2 Rf4 48. Rb2 Kc6 49. b5+ Kb6 50. Re2 Rd4+ 51. Ke3 Kxb5 52. Kf3
Rf4+ 53. Kg3 Rf5 54. Rc2 Rg5+ 55. Kf3 Rh5 56. Kg3 Rg5+ 57. Kf3 Rh5 58. Kg3
1/2-1/2

[Event "2.Magistral Ciudad de Zaragoza"]
[Site "Zaragoza ESP"]
[Date "2006.08.29"]
[Round "4.3"]
[White "Antoli Royo, Joaquin Miguel"]
[Black "Gomez Anadon, Daniel"]
[Result "1/2-1/2"]
[WhiteElo "2356"]
[BlackElo "2254"]
[PlyCount "69"]
[EventDate "2006.08.26"]
[EventType "tourn"]
[EventRounds "1"]
[EventCountry "ESP"]
[EventCategory "3"]
[Source "lmi"]
[SourceDate "2006.08.26"]

1. e4 c5 2. d3 Nc6 3. f4 g6 4. Nf3 Bg7 5. Be2 d6 6. O-O Nf6 7. Qe1 Bg4 8. c3
O-O 9. Be3 c4 10. Nbd2 cxd3 11. Bxd3 Bxf3 12. Nxf3 Ng4 13. Bc1 d5 14. e5 d4 15.
Be4 Qb6 16. Kh1 Rfd8 17. cxd4 Nxd4 18. Nxd4 Qxd4 19. Bxb7 Rab8 20. Bf3 h5 21.
Qe2 Rdc8 22. Rb1 e6 23. b3 Qb4 24. Be4 a5 25. Bd2 Qa3 26. Qa6 Qxa2 27. Qxa5
Qxa5 28. Bxa5 Bf8 29. h3 Ne3 30. Rf3 Nc2 31. Bd2 Bb4 32. Rd3 Bxd2 33. Rxd2 Na3
34. Rbb2 Rb4 35. Re2 1/2-1/2

[Event "2.Magistral Ciudad de Zaragoza"]
[Site "Zaragoza ESP"]
[Date "2006.08.29"]
[Round "4.4"]
[White "Llorente Zaro, Alfonso"]
[Black "Adla, Diego Gustavo"]
[Result "1-0"]
[WhiteElo "2367"]
[BlackElo "2474"]
[PlyCount "29"]
[EventDate "2006.08.26"]
[EventType "tourn"]
[EventRounds "1"]
[EventCountry "ESP"]
[EventCategory "3"]
[Source "lmi"]
[SourceDate "2006.08.26"]

1. d4 f5 2. c4 Nf6 3. Nf3 g6 4. g3 Bg7 5. Bg2 O-O 6. O-O d6 7. Nc3 Nc6 8. d5
Na5 9. Qd3 e5 10. dxe6 Bxe6 11. b3 Ne4 12. Nxe4 fxe4 13. Qxe4 Qd7 14. Ng5 Rae8
15. Rb1 1-0

[Event "2.Magistral Ciudad de Zaragoza"]
[Site "Zaragoza ESP"]
[Date "2006.08.29"]
[Round "4.5"]
[White "Villuendas Valero, Adrian"]
[Black "Marin, Sebastian"]
[Result "0-1"]
[WhiteElo "2170"]
[BlackElo "2212"]
[PlyCount "102"]
[EventDate "2006.08.26"]
[EventType "tourn"]
[EventRounds "1"]
[EventCountry "ESP"]
[EventCategory "3"]
[Source "lmi"]
[SourceDate "2006.08.26"]

1. e4 c5 2. Nf3 d6 3. d4 cxd4 4. Nxd4 Nf6 5. Nc3 g6 6. Be3 Bg7 7. f3 O-O 8. Qd2
Nc6 9. Bc4 Bd7 10. O-O-O Rc8 11. Bb3 Nxd4 12. Bxd4 b5 13. Nd5 Nxd5 14. Bxg7
Kxg7 15. Bxd5 a5 16. a3 Qc7 17. h4 h6 18. h5 g5 19. f4 gxf4 20. Rdf1 b4 21.
axb4 axb4 22. Bb3 Qa5 23. Qxf4 Qa1+ 24. Kd2 Qxb2 25. Rf3 Qe5 26. Qxe5+ dxe5 27.
Ra1 Bc6 28. Rg3+ Kh7 29. Ra7 Rcd8+ 30. Rd3 Rde8 31. Ke3 f5 32. Rc7 fxe4 33. Rd2
Rf6 34. Rf2 Rxf2 35. Kxf2 Ba8 36. Ke3 Kg7 37. Ba4 Rg8 38. Bb3 Re8 39. Ba4 Rd8
40. Rxe7+ Kf6 41. Ra7 Rc8 42. g4 Rc3+ 43. Ke2 Bd5 44. Ra6+ Kg5 45. Rg6+ Kf4 46.
Rf6+ Kxg4 47. Bd7+ Kg3 48. Rg6+ Kh4 49. Rxh6 Rxc2+ 50. Ke3 Rc3+ 51. Ke2 Bc4+
0-1

[Event "2.Magistral Ciudad de Zaragoza"]
[Site "Zaragoza ESP"]
[Date "2006.08.30"]
[Round "5.1"]
[White "Marin, Sebastian"]
[Black "Rios, Alejandro"]
[Result "1/2-1/2"]
[WhiteElo "2212"]
[BlackElo "2332"]
[PlyCount "26"]
[EventDate "2006.08.26"]
[EventType "tourn"]
[EventRounds "1"]
[EventCountry "ESP"]
[EventCategory "3"]
[Source "lmi"]
[SourceDate "2006.08.26"]

1. e4 e5 2. Nf3 Nf6 3. Nxe5 d6 4. Nf3 Nxe4 5. Qe2 Qe7 6. d3 Nf6 7. Qxe7+ Bxe7
8. Be2 O-O 9. O-O Bg4 10. Bg5 Nbd7 11. Nbd2 Rfe8 12. Rfe1 h6 13. Bh4 Kf8
1/2-1/2

[Event "2.Magistral Ciudad de Zaragoza"]
[Site "Zaragoza ESP"]
[Date "2006.08.30"]
[Round "5.2"]
[White "Adla, Diego Gustavo"]
[Black "Villuendas Valero, Adrian"]
[Result "1-0"]
[WhiteElo "2474"]
[BlackElo "2170"]
[PlyCount "49"]
[EventDate "2006.08.26"]
[EventType "tourn"]
[EventRounds "1"]
[EventCountry "ESP"]
[EventCategory "3"]
[Source "lmi"]
[SourceDate "2006.08.26"]

1. c4 e5 2. g3 d6 3. Bg2 f5 4. Nc3 Nf6 5. d3 g6 6. e4 Bg7 7. Nge2 O-O 8. O-O c6
9. exf5 gxf5 10. f4 Qb6+ 11. Kh1 Be6 12. Rb1 Nbd7 13. b4 Qc7 14. b5 e4 15. bxc6
bxc6 16. Nd4 Rae8 17. Nxe6 Rxe6 18. Bh3 Qa5 19. Nxe4 Rxe4 20. dxe4 Nxe4 21. Bb2
Qd2 22. Qxd2 Nxd2 23. Bxg7 Kxg7 24. Rb7 Rf7 25. Rc1 1-0

[Event "2.Magistral Ciudad de Zaragoza"]
[Site "Zaragoza ESP"]
[Date "2006.08.30"]
[Round "5.3"]
[White "Gomez Anadon, Daniel"]
[Black "Llorente Zaro, Alfonso"]
[Result "1/2-1/2"]
[WhiteElo "2254"]
[BlackElo "2367"]
[PlyCount "76"]
[EventDate "2006.08.26"]
[EventType "tourn"]
[EventRounds "1"]
[EventCountry "ESP"]
[EventCategory "3"]
[Source "lmi"]
[SourceDate "2006.08.26"]

1. e4 e5 2. Nf3 d6 3. Bc4 Be7 4. d4 exd4 5. Nxd4 Nf6 6. Nc3 O-O 7. O-O c6 8. a4
a5 9. Re1 Na6 10. Bf4 Nc5 11. h3 Be6 12. Nxe6 fxe6 13. Bxd6 Bxd6 14. e5 Nd5 15.
exd6 Qxd6 16. Ne4 Qf4 17. Qd4 Nxe4 18. Rxe4 Qf6 19. Rae1 Qxd4 20. Rxd4 Rfe8 21.
f4 g6 22. Kf2 Kf7 23. g3 Rad8 24. h4 h5 25. Red1 Rd7 26. Be2 Red8 27. Bf3 Kf6
28. Be4 Kf7 29. c4 Nb6 30. Rxd7+ Rxd7 31. Rxd7+ Nxd7 32. Ke3 Kf6 33. Kd4 c5+
34. Ke3 b6 35. Bc6 Nf8 36. Ke4 Nh7 37. Be8 Nf8 38. Bc6 Nh7 1/2-1/2

[Event "2.Magistral Ciudad de Zaragoza"]
[Site "Zaragoza ESP"]
[Date "2006.08.30"]
[Round "5.4"]
[White "Vilela, Jose Luis"]
[Black "Antoli Royo, Joaquin Miguel"]
[Result "1-0"]
[WhiteElo "2332"]
[BlackElo "2356"]
[PlyCount "103"]
[EventDate "2006.08.26"]
[EventType "tourn"]
[EventRounds "1"]
[EventCountry "ESP"]
[EventCategory "3"]
[Source "lmi"]
[SourceDate "2006.08.26"]

1. d4 Nf6 2. Nf3 g6 3. Bg5 Bg7 4. Nbd2 d5 5. e3 O-O 6. Be2 c5 7. c3 b6 8. O-O
Nbd7 9. a4 a5 10. h3 Bb7 11. Qb3 Rc8 12. Rfd1 cxd4 13. cxd4 Ne8 14. Rac1 Nc7
15. Rc2 f6 16. Bh4 Na8 17. Rdc1 Rxc2 18. Rxc2 Nb8 19. Ne1 Kh8 20. Nd3 Na6 21.
Nb1 Qe8 22. Qb5 Qd8 23. Na3 N6c7 24. Qb3 Qe8 25. Nb5 Na6 26. Bf3 Qd7 27. Bg3 e6
28. Bd6 Rd8 29. Be2 Bc6 30. Qa3 Bxb5 31. axb5 N6c7 32. Bxc7 Nxc7 33. Qc3 Nxb5
34. Qc6 Nd6 35. Qxd7 Rxd7 36. Rc6 Bf8 37. Nf4 b5 38. Nxe6 Be7 39. Ra6 Nb7 40.
Bxb5 Rd6 41. Ra8+ Bd8 42. Nxd8 Rxd8 43. Rxd8+ Nxd8 44. Be2 Nc6 45. Bf3 Nb4 46.
Kf1 Kg7 47. Ke2 Kf7 48. Kd2 Ke6 49. Kc3 Kd6 50. e4 dxe4 51. Bxe4 f5 52. Bf3 1-0

[Event "2.Magistral Ciudad de Zaragoza"]
[Site "Zaragoza ESP"]
[Date "2006.08.30"]
[Round "5.5"]
[White "Lopez Gracia, Fernando"]
[Black "Ramiro Ovejero, Juan Luis"]
[Result "0-1"]
[WhiteElo "2339"]
[BlackElo "2323"]
[PlyCount "44"]
[EventDate "2006.08.26"]
[EventType "tourn"]
[EventRounds "1"]
[EventCountry "ESP"]
[EventCategory "3"]
[Source "lmi"]
[SourceDate "2006.08.26"]

1. e4 d6 2. d4 Nf6 3. Nc3 Nbd7 4. g4 h6 5. h3 e5 6. Nge2 c6 7. Bg2 b5 8. a3 Bb7
9. O-O a5 10. Ng3 g6 11. f4 Bg7 12. fxe5 dxe5 13. d5 cxd5 14. exd5 O-O 15. Be3
b4 16. Na4 e4 17. d6 Bc6 18. Nc5 Qb6 19. Bd4 Nxc5 20. Rxf6 Bxf6 21. Bxf6 Nb3+
22. Kh2 Nxa1 0-1

[Event "2.Magistral Ciudad de Zaragoza"]
[Site "Zaragoza ESP"]
[Date "2006.08.31"]
[Round "6.1"]
[White "Rios, Alejandro"]
[Black "Ramiro Ovejero, Juan Luis"]
[Result "1/2-1/2"]
[WhiteElo "2332"]
[BlackElo "2323"]
[PlyCount "79"]
[EventDate "2006.08.26"]
[EventType "tourn"]
[EventRounds "1"]
[EventCountry "ESP"]
[EventCategory "3"]
[Source "lmi"]
[SourceDate "2006.08.26"]

1. e4 d5 2. exd5 Qxd5 3. Nc3 Qa5 4. d4 Nf6 5. Be2 c6 6. Nf3 Bg4 7. Ne5 Bxe2 8.
Qxe2 e6 9. O-O Bb4 10. Ne4 Nbd7 11. Nxf6+ Nxf6 12. f4 O-O 13. f5 Qd5 14. c3 Bd6
15. fxe6 fxe6 16. Nd3 Rae8 17. Bf4 Bxf4 18. Rxf4 Nd7 19. b3 Rxf4 20. Nxf4 Qd6
21. Rf1 e5 22. Nd3 Re7 23. Re1 e4 24. Nf2 Nf6 25. Ng4 Nd5 26. Ne3 Nxe3 27. Qxe3
h6 28. Rf1 Re6 29. Qf4 Qe7 30. Qb8+ Kh7 31. Qf8 Qxf8 32. Rxf8 e3 33. Kf1 e2+
34. Ke1 Kg6 35. Rf2 Re3 36. c4 Re4 37. Rxe2 Kf5 38. d5 cxd5 39. cxd5 Rxe2+ 40.
Kxe2 1/2-1/2